| 000 | 00354nam a22001457a 4500 | ||
|---|---|---|---|
| 003 | OSt | ||
| 020 | _a9781892005281 | ||
| 082 |
_a158.6 _bRON |
||
| 100 | _aROSENBERG, Marshall B | ||
| 245 | _aNonviolent Communication: A language of life | ||
| 250 | _a3rd Ed. | ||
| 260 |
_a2015: _bPuddle Dancer Press, _cUSA. |
||
| 300 | _axxxv,317p. | ||
| 942 |
_2ddc _cREF |
||
| 999 |
_c12977 _d12977 |
||